000
00194nam a2200097Ia 4500
008
240331s9999 xx 000 0 und d
082
_b
KAR
100
_a
Karnad, G
245
0
_a
Tughlaq
942
_c
L
999
_c
3673
_d
3673